[Event "ODJM C 2024"]
[Site "Willingen GER"]
[Date "2024.05.19"]
[Round "1"]
[White "Racky, Benedikt"]
[Black "Schmidt, Lina"]
[Result "1-0"]
[Termination "normal"]
[Board "37"]
[WhiteElo "1180"]
[BlackElo "746"]
[WhiteClock "01:29:48"]
[BlackClock "01:24:46"]
[PlyCount "43"]
[WhiteFideId "16239458"]
[BlackFideId "34681493"]
[EventCountry "GER"]
[EventRounds "9"]
[EventType "swiss"]
[EventDate "2024.05.18"]

1. d4 {[%clk 01:30:59]} d5 {[%clk 01:30:56]} {[%emt 00:00:04]} 2. Bf4 {[%clk
01:31:25]} {[%emt 00:00:04]} Nc6 {[%clk 01:30:47]} {[%emt 00:00:39]} 3. e3
{[%clk 01:31:48]} {[%emt 00:00:07]} e6 {[%clk 01:30:58]} {[%emt 00:00:19]} 4.
Nf3 {[%clk 01:32:09]} {[%emt 00:00:10]} Bb4+ {[%clk 01:31:10]} {[%emt
00:00:18]} 5. c3 {[%clk 01:32:29]} {[%emt 00:00:09]} Bd6 {[%clk 01:31:23]}
{[%emt 00:00:17]} 6. Bg3 {[%clk 01:32:53]} {[%emt 00:00:06]} Nf6 {[%clk
01:31:22]} {[%emt 00:00:31]} 7. Nbd2 {[%clk 01:33:10]} {[%emt 00:00:13]} Bd7
{[%clk 01:30:22]} {[%emt 00:01:31]} 8. Bd3 {[%clk 01:33:30]} {[%emt 00:00:09]}
Na5 {[%clk 01:29:35]} {[%emt 00:01:17]} 9. Ne5 {[%clk 01:32:42]} {[%emt
00:01:18]} Qe7 {[%clk 01:29:12]} {[%emt 00:00:53]} 10. Ndf3 {[%clk 01:32:45]}
{[%emt 00:00:27]} O-O {[%clk 01:28:54]} {[%emt 00:00:48]} 11. Nxd7 {[%clk
01:32:13]} {[%emt 00:01:02]} Qxd7 {[%clk 01:28:51]} {[%emt 00:00:33]} 12. Ne5
{[%clk 01:32:33]} {[%emt 00:00:10]} Qe7 {[%clk 01:27:47]} {[%emt 00:01:35]} 13.
Qc2 {[%clk 01:32:22]} {[%emt 00:00:40]} c6 {[%clk 01:27:00]} {[%emt 00:01:18]}
14. O-O-O {[%clk 01:30:01]} {[%emt 00:02:51]} Rae8 {[%clk 01:26:36]} {[%emt
00:00:54]} 15. h4 {[%clk 01:29:45]} {[%emt 00:00:44]} b6 {[%clk 01:25:24]}
{[%emt 00:01:43]} 16. h5 {[%clk 01:29:41]} {[%emt 00:00:35]} c5 {[%clk
01:25:38]} {[%emt 00:00:16]} 17. h6 {[%clk 01:29:03]} {[%emt 00:01:07]} cxd4
{[%clk 01:24:54]} {[%emt 00:01:14]} 18. Bxh7+ {[%clk 01:29:07]} {[%emt
00:00:26]} Nxh7 {[%clk 01:25:01]} {[%emt 00:00:22]} 19. hxg7 {[%clk 01:29:28]}
{[%emt 00:00:11]} Kxg7 {[%clk 01:25:12]} {[%emt 00:00:18]} 20. Qxh7+ {[%clk
01:29:47]} {[%emt 00:00:11]} Kf6 {[%clk 01:24:55]} {[%emt 00:00:47]} 21. Ng4+
{[%clk 01:29:57]} {[%emt 00:00:20]} Kg5 {[%clk 01:24:46]} {[%emt 00:00:39]} 22.
Qh5# {[%clk 01:29:48]} {[%emt 00:00:08]} 1-0

[Event "ODJM C 2024"]
[Site "Willingen GER"]
[Date "2024.05.20"]
[Round "3"]
[White "Classen, Marnin"]
[Black "Weibrecht, Theo"]
[Result "1-0"]
[Termination "normal"]
[Board "1"]
[WhiteElo "1654"]
[BlackElo "1596"]
[WhiteClock "01:04:55"]
[BlackClock "00:08:18"]
[PlyCount "97"]
[WhiteFideId "34623833"]
[BlackFideId "34660240"]
[EventCountry "GER"]
[EventRounds "9"]
[EventType "swiss"]
[EventDate "2024.05.18"]

1. d4 {[%clk 01:30:55]} {[%emt 00:00:04]} Nf6 {[%clk 01:30:54]} {[%emt
00:00:06]} 2. c4 {[%clk 01:31:17]} {[%emt 00:00:09]} g6 {[%clk 01:31:08]}
{[%emt 00:01:35]} 3. Nc3 {[%clk 01:31:22]} {[%emt 00:00:09]} Bg7 {[%clk
01:31:32]} {[%emt 00:00:06]} 4. e4 {[%clk 01:31:45]} {[%emt 00:00:08]} d6
{[%clk 01:31:35]} {[%emt 00:00:27]} 5. Nf3 {[%clk 01:32:06]} {[%emt 00:00:08]}
Nfd7 {[%clk 01:24:14]} {[%emt 00:07:51]} 6. Be2 {[%clk 01:30:41]} {[%emt
00:01:55]} Nc6 {[%clk 01:23:53]} {[%emt 00:00:51]} 7. O-O {[%clk 01:30:51]}
{[%emt 00:00:20]} O-O {[%clk 01:24:12]} {[%emt 00:00:11]} 8. Be3 {[%clk
01:31:06]} {[%emt 00:00:15]} a6 {[%clk 01:19:10]} {[%emt 00:05:32]} 9. Rc1
{[%clk 01:30:11]} {[%emt 00:01:25]} Kh8 {[%clk 01:16:27]} {[%emt 00:03:14]} 10.
Qb3 {[%clk 01:27:12]} {[%emt 00:03:29]} e5 {[%clk 01:11:42]} {[%emt 00:05:13]}
11. d5 {[%clk 01:26:49]} {[%emt 00:00:54]} Ne7 {[%clk 01:11:58]} {[%emt
00:00:14]} 12. Ne1 {[%clk 01:27:05]} {[%emt 00:00:13]} Rb8 {[%clk 01:05:28]}
{[%emt 00:07:01]} 13. Qc2 {[%clk 01:26:49]} {[%emt 00:00:46]} c6 {[%clk
00:59:57]} {[%emt 00:06:02]} 14. Nd3 {[%clk 01:24:28]} {[%emt 00:02:50]} c5
{[%clk 00:59:06]} {[%emt 00:01:21]} 15. b4 {[%clk 01:24:32]} {[%emt 00:00:26]}
b6 {[%clk 00:57:19]} {[%emt 00:02:17]} 16. Rb1 {[%clk 01:24:36]} {[%emt
00:00:26]} Qc7 {[%clk 00:54:06]} {[%emt 00:03:42]} 17. Rfc1 {[%clk 01:23:31]}
{[%emt 00:01:34]} Qa7 {[%clk 00:49:43]} {[%emt 00:04:55]} 18. h3 {[%clk
01:22:19]} {[%emt 00:01:42]} h6 {[%clk 00:47:04]} {[%emt 00:03:09]} 19. Qa4
{[%clk 01:18:40]} {[%emt 00:04:09]} Nf6 {[%clk 00:43:53]} {[%emt 00:03:40]} 20.
f3 {[%clk 01:16:26]} {[%emt 00:02:45]} Bd7 {[%clk 00:35:15]} {[%emt 00:09:07]}
21. Qc2 {[%clk 01:16:43]} {[%emt 00:00:14]} g5 {[%clk 00:33:25]} {[%emt
00:02:20]} 22. a4 {[%clk 01:16:48]} {[%emt 00:00:25]} Ng6 {[%clk 00:31:45]}
{[%emt 00:02:10]} 23. a5 {[%clk 01:16:08]} {[%emt 00:01:10]} Qc7 {[%clk
00:29:22]} {[%emt 00:02:52]} 24. axb6 {[%clk 01:16:11]} {[%emt 00:00:28]} Qc8
{[%clk 00:26:48]} {[%emt 00:03:04]} 25. bxc5 {[%clk 01:15:32]} {[%emt
00:01:09]} Bxh3 {[%clk 00:23:35]} {[%emt 00:03:41]} 26. b7 {[%clk 01:14:26]}
{[%emt 00:01:38]} Rxb7 {[%clk 00:23:17]} {[%emt 00:00:48]} 27. Rxb7 {[%clk
01:14:36]} {[%emt 00:00:20]} Nh4 {[%clk 00:23:38]} {[%emt 00:00:09]} 28. Rc7
{[%clk 01:14:07]} {[%emt 00:01:00]} Qxc7 {[%clk 00:23:01]} {[%emt 00:01:06]}
29. gxh3 {[%clk 01:13:40]} {[%emt 00:00:57]} Qd7 {[%clk 00:23:13]} {[%emt
00:00:18]} 30. Kh2 {[%clk 01:13:55]} {[%emt 00:00:16]} Nh5 {[%clk 00:22:41]}
{[%emt 00:01:01]} 31. c6 {[%clk 01:13:33]} {[%emt 00:00:52]} Qc8 {[%clk
00:22:43]} {[%emt 00:00:28]} 32. c5 {[%clk 01:13:24]} {[%emt 00:00:39]} f5
{[%clk 00:22:34]} {[%emt 00:00:39]} 33. cxd6 {[%clk 01:12:07]} {[%emt
00:01:47]} g4 {[%clk 00:22:26]} {[%emt 00:00:37]} 34. fxg4 {[%clk 01:10:16]}
{[%emt 00:02:22]} fxg4 {[%clk 00:22:33]} {[%emt 00:00:23]} 35. Bxg4 {[%clk
01:09:45]} {[%emt 00:01:01]} Nf3+ {[%clk 00:20:40]} {[%emt 00:02:21]} 36. Kh1
{[%clk 01:09:12]} {[%emt 00:01:04]} Qd8 {[%clk 00:20:01]} {[%emt 00:01:09]} 37.
c7 {[%emt 00:02:11]} Qh4 {[%clk 00:18:57]} {[%emt 00:00:47]} 38. Bf2 {[%clk
01:08:17]} {[%emt 00:00:32]} Qf6 {[%clk 00:17:33]} {[%emt 00:01:53]} 39. d7
{[%clk 01:07:53]} {[%emt 00:00:55]} Nf4 {[%clk 00:14:21]} {[%emt 00:03:41]} 40.
Bxf3 {[%clk 01:06:40]} {[%emt 00:01:44]} Nxh3 {[%clk 00:14:15]} {[%emt
00:00:36]} 41. Bg2 {[%clk 01:05:16]} {[%emt 00:01:54]} Rg8 {[%clk 00:12:58]}
{[%emt 00:01:46]} 42. c8=Q {[%clk 01:04:36]} {[%emt 00:01:11]} Bf8 {[%clk
00:12:25]} {[%emt 00:01:02]} 43. d8=Q {[%clk 01:04:43]} {[%emt 00:00:25]} Nxf2+
{[%clk 00:08:54]} {[%emt 00:04:01]} 44. Qxf2 {[%clk 01:04:56]} {[%emt
00:00:16]} Qg6 {[%clk 00:08:41]} {[%emt 00:00:39]} 45. Qff6+ {[%clk 01:04:56]}
{[%emt 00:00:34]} Kh7 {[%clk 00:08:19]} {[%emt 00:00:51]} 46. Qdd7+ {[%clk
01:04:39]} {[%emt 00:00:47]} Rg7 {[%clk 00:08:41]} {[%emt 00:00:07]} 47. Qdf5
{[%clk 01:04:23]} {[%emt 00:00:47]} Be7 {[%clk 00:08:14]} {[%emt 00:00:58]} 48.
Q5xg6+ {[%clk 01:04:30]} {[%emt 00:00:23]} Rxg6 {[%clk 00:08:18]} {[%emt
00:00:26]} 49. Qch8# {[%clk 01:04:55]} {[%emt 00:00:05]} 1-0

[Event "ODJM C 2024"]
[Site "Willingen GER"]
[Date "2024.05.20"]
[Round "3"]
[White "Döscher, Rasmus"]
[Black "Savchuk, Andrej"]
[Result "1-0"]
[Termination "normal"]
[Board "2"]
[WhiteElo "1503"]
[BlackElo "1576"]
[WhiteClock "01:14:00"]
[BlackClock "01:07:32"]
[PlyCount "21"]
[WhiteFideId "34625038"]
[BlackFideId "34621180"]
[EventCountry "GER"]
[EventRounds "9"]
[EventType "swiss"]
[EventDate "2024.05.18"]

1. d4 {[%clk 01:30:58]} {[%emt 00:00:01]} Nf6 {[%clk 01:30:54]} {[%emt
00:00:06]} 2. c4 {[%clk 01:31:10]} {[%emt 00:00:18]} e5 {[%clk 01:31:13]}
{[%emt 00:00:07]} 3. dxe5 {[%clk 01:30:50]} {[%emt 00:00:54]} Ne4 {[%clk
01:31:32]} {[%emt 00:00:11]} 4. Nf3 {[%clk 01:28:59]} {[%emt 00:02:22]} d6
{[%clk 01:29:16]} {[%emt 00:02:46]} 5. Nbd2 {[%clk 01:25:19]} {[%emt 00:04:10]}
Nxd2 {[%clk 01:25:20]} {[%emt 00:04:25]} 6. Bxd2 {[%clk 01:23:33]} {[%emt
00:02:17]} dxe5 {[%clk 01:25:02]} {[%emt 00:00:48]} 7. Nxe5 {[%clk 01:23:28]}
{[%emt 00:00:34]} Bc5 {[%clk 01:23:54]} {[%emt 00:01:36]} 8. e3 {[%clk
01:21:37]} {[%emt 00:02:24]} b6 {[%clk 01:15:21]} {[%emt 00:09:03]} 9. Qf3
{[%clk 01:17:20]} {[%emt 00:04:47]} Be6 {[%clk 01:09:47]} {[%emt 00:06:04]} 10.
Qxa8 {[%clk 01:14:36]} {[%emt 00:03:14]} Bb4 {[%clk 01:07:32]} {[%emt
00:02:44]} 11. Bxb4 {[%clk 01:14:00]} {[%emt 00:01:08]} 1-0

[Event "ODJM C 2024"]
[Site "Willingen GER"]
[Date "2024.05.20"]
[Round "3"]
[White "Finck, Julius"]
[Black "Hantke, Karl"]
[Result "0-1"]
[Termination "normal"]
[Board "3"]
[WhiteElo "1579"]
[BlackElo "1555"]
[WhiteClock "00:39:27"]
[BlackClock "00:47:49"]
[PlyCount "60"]
[WhiteFideId "34660429"]
[BlackFideId "34640827"]
[EventCountry "GER"]
[EventRounds "9"]
[EventType "swiss"]
[EventDate "2024.05.18"]

1. e4 {[%clk 01:30:59]} {[%emt 00:00:01]} c5 {[%clk 01:30:50]} {[%emt
00:00:10]} 2. Nc3 {[%clk 01:31:14]} {[%emt 00:00:14]} Nc6 {[%clk 01:30:59]}
{[%emt 00:00:22]} 3. Nf3 {[%clk 01:30:56]} {[%emt 00:00:48]} e6 {[%clk
01:30:23]} {[%emt 00:01:06]} 4. Bc4 {[%clk 01:30:28]} {[%emt 00:00:57]} Nge7
{[%clk 01:30:15]} {[%emt 00:00:39]} 5. Qe2 {[%clk 01:27:47]} {[%emt 00:03:11]}
g6 {[%clk 01:28:24]} {[%emt 00:02:21]} 6. d3 {[%emt 00:02:38]} Bg7 {[%clk
01:27:12]} {[%emt 00:01:40]} 7. O-O {[%clk 01:24:21]} {[%emt 00:01:50]} O-O
{[%clk 01:25:58]} {[%emt 00:01:44]} 8. Bg5 {[%clk 01:21:31]} {[%emt 00:03:19]}
f6 {[%clk 01:20:19]} {[%emt 00:06:10]} 9. Be3 {[%clk 01:20:14]} {[%emt
00:01:47]} b6 {[%clk 01:18:46]} {[%emt 00:02:03]} 10. Rad1 {[%clk 01:18:50]}
{[%emt 00:01:54]} Kh8 {[%clk 01:17:09]} {[%emt 00:02:07]} 11. Qd2 {[%clk
01:15:49]} {[%emt 00:03:31]} d5 {[%clk 01:16:02]} {[%emt 00:01:37]} 12. exd5
{[%clk 01:08:28]} {[%emt 00:07:51]} exd5 {[%clk 01:16:09]} {[%emt 00:00:23]}
13. Nxd5 {[%clk 01:06:27]} {[%emt 00:02:31]} Nxd5 {[%clk 01:16:12]} {[%emt
00:00:27]} 14. Bb3 {[%clk 01:06:09]} {[%emt 00:00:47]} Nxe3 {[%clk 01:14:47]}
{[%emt 00:01:56]} 15. fxe3 {[%clk 01:05:05]} {[%emt 00:01:34]} Bg4 {[%clk
01:12:27]} {[%emt 00:02:49]} 16. h3 {[%clk 01:02:43]} {[%emt 00:02:52]} Bxf3
{[%clk 01:10:08]} {[%emt 00:02:50]} 17. Rxf3 {[%clk 01:02:27]} {[%emt
00:00:46]} Ne5 {[%clk 01:07:43]} {[%emt 00:02:55]} 18. Rg3 {[%clk 01:00:04]}
{[%emt 00:02:52]} Qd6 {[%clk 01:05:41]} {[%emt 00:02:33]} 19. Qf2 {[%clk
00:56:39]} {[%emt 00:03:53]} c4 {[%clk 00:59:40]} {[%emt 00:06:33]} 20. Ba4
{[%clk 00:55:25]} {[%emt 00:01:44]} Qb4 {[%clk 00:57:31]} {[%emt 00:02:40]} 21.
b3 {[%clk 00:53:48]} {[%emt 00:02:05]} b5 {[%clk 00:56:54]} {[%emt 00:01:07]}
22. a3 {[%clk 00:51:57]} {[%emt 00:02:20]} Qa5 {[%clk 00:55:34]} {[%emt
00:01:51]} 23. Bxb5 {[%clk 00:49:27]} {[%emt 00:03:01]} Qxb5 {[%clk 00:55:55]}
{[%emt 00:00:09]} 24. dxc4 {[%clk 00:49:35]} {[%emt 00:00:22]} Qc5 {[%clk
00:54:55]} {[%emt 00:01:28]} 25. a4 {[%clk 00:49:08]} {[%emt 00:00:59]} Rad8
{[%clk 00:54:15]} {[%emt 00:01:09]} 26. Rd4 {[%clk 00:48:04]} {[%emt 00:01:35]}
Nc6 {[%clk 00:51:24]} {[%emt 00:03:21]} 27. Rd3 {[%clk 00:46:28]} {[%emt
00:02:03]} Rxd3 {[%clk 00:49:29]} {[%emt 00:02:27]} 28. cxd3 {[%clk 00:46:43]}
{[%emt 00:00:15]} f5 {[%clk 00:49:20]} {[%emt 00:00:39]} 29. Rf3 {[%clk
00:44:38]} {[%emt 00:02:35]} Rd8 {[%clk 00:47:48]} {[%emt 00:02:03]} 30. e4
{[%clk 00:39:27]} {[%emt 00:05:41]} Bd4 {[%clk 00:47:49]} {[%emt 00:00:29]} 0-1

[Event "ODJM C 2024"]
[Site "Willingen GER"]
[Date "2024.05.20"]
[Round "3"]
[White "Kulgemeyer, Justus"]
[Black "Schmidt, Emelie"]
[Result "1-0"]
[Termination "normal"]
[Board "5"]
[WhiteElo "1243"]
[BlackElo "1171"]
[WhiteClock "00:35:52"]
[BlackClock "00:14:25"]
[PlyCount "97"]
[WhiteFideId "34623671"]
[BlackFideId "34682490"]
[EventCountry "GER"]
[EventRounds "9"]
[EventType "swiss"]
[EventDate "2024.05.18"]

1. d4 {[%clk 01:30:58]} {[%emt 00:00:02]} d5 {[%clk 01:30:53]} {[%emt
00:00:08]} 2. Nc3 {[%clk 01:31:25]} {[%emt 00:00:03]} Nf6 {[%clk 01:31:15]}
{[%emt 00:00:08]} 3. Bf4 {[%clk 01:31:50]} {[%emt 00:00:04]} g6 {[%clk
01:31:35]} {[%emt 00:00:11]} 4. Nb5 {[%clk 01:32:04]} {[%emt 00:00:15]} Na6
{[%clk 01:31:52]} {[%emt 00:00:14]} 5. e3 {[%clk 01:32:29]} {[%emt 00:00:05]}
Bg7 {[%clk 01:31:53]} {[%emt 00:00:29]} 6. Bd3 {[%clk 01:32:49]} {[%emt
00:00:10]} O-O {[%clk 01:31:48]} {[%emt 00:00:35]} 7. Nf3 {[%clk 01:32:49]}
{[%emt 00:00:30]} c6 {[%clk 01:26:29]} {[%emt 00:05:49]} 8. Nc3 {[%clk
01:33:12]} {[%emt 00:00:07]} Nc7 {[%clk 01:24:26]} {[%emt 00:02:32]} 9. Qd2
{[%clk 01:32:04]} {[%emt 00:01:38]} b6 {[%clk 01:22:27]} {[%emt 00:02:30]} 10.
O-O {[%clk 01:27:57]} {[%emt 00:04:37]} c5 {[%clk 01:19:56]} {[%emt 00:03:01]}
11. Rfe1 {[%clk 01:24:43]} {[%emt 00:03:44]} c4 {[%clk 01:12:39]} {[%emt
00:07:46]} 12. Bf1 {[%clk 01:24:36]} {[%emt 00:00:37]} Bg4 {[%clk 01:07:22]}
{[%emt 00:05:48]} 13. Ne5 {[%clk 01:18:15]} {[%emt 00:06:51]} Bf5 {[%clk
01:01:25]} {[%emt 00:06:27]} 14. f3 {[%clk 01:17:40]} {[%emt 00:01:05]} Bc8
{[%clk 00:58:10]} {[%emt 00:03:44]} 15. e4 {[%clk 01:17:11]} {[%emt 00:00:59]}
b5 {[%clk 00:45:25]} {[%emt 00:13:15]} 16. b3 {[%clk 01:12:58]} {[%emt
00:04:43]} b4 {[%clk 00:43:40]} {[%emt 00:02:16]} 17. Na4 {[%clk 01:12:26]}
{[%emt 00:01:03]} c3 {[%clk 00:43:06]} {[%emt 00:01:03]} 18. Qd1 {[%clk
01:11:50]} {[%emt 00:01:05]} Bb7 {[%clk 00:37:44]} {[%emt 00:05:53]} 19. Nc5
{[%clk 01:09:31]} {[%emt 00:02:49]} Bc8 {[%clk 00:37:09]} {[%emt 00:01:05]} 20.
Nc6 {[%clk 01:09:08]} {[%emt 00:00:53]} Qe8 {[%clk 00:36:35]} {[%emt 00:01:04]}
21. Nxb4 {[%clk 01:09:17]} {[%emt 00:00:21]} Ne6 {[%clk 00:35:46]} {[%emt
00:01:19]} 22. Nxe6 {[%clk 01:07:41]} {[%emt 00:02:05]} Bxe6 {[%clk 00:35:51]}
{[%emt 00:00:26]} 23. Na6 {[%clk 01:05:31]} {[%emt 00:02:41]} Qd8 {[%clk
00:30:49]} {[%emt 00:05:31]} 24. Nc7 {[%clk 01:05:35]} {[%emt 00:00:25]} Rc8
{[%clk 00:30:35]} {[%emt 00:00:45]} 25. Nxe6 {[%clk 01:05:12]} {[%emt
00:00:53]} fxe6 {[%clk 00:30:50]} {[%emt 00:00:15]} 26. e5 {[%clk 01:03:10]}
{[%emt 00:02:32]} Ne8 {[%clk 00:29:54]} {[%emt 00:01:26]} 27. Bg3 {[%clk
01:02:14]} {[%emt 00:01:25]} Bh6 {[%clk 00:29:29]} {[%emt 00:00:55]} 28. Bd3
{[%clk 00:58:54]} {[%emt 00:03:50]} Qb6 {[%clk 00:28:57]} {[%emt 00:01:03]} 29.
Bf2 {[%clk 00:56:05]} {[%emt 00:03:19]} Rf7 {[%clk 00:27:35]} {[%emt 00:01:52]}
30. a4 {[%clk 00:54:18]} {[%emt 00:02:17]} a5 {[%clk 00:26:39]} {[%emt
00:01:26]} 31. g3 {[%clk 00:51:59]} {[%emt 00:02:48]} Ng7 {[%clk 00:25:41]}
{[%emt 00:01:28]} 32. f4 {[%clk 00:51:12]} {[%emt 00:01:17]} Rcf8 {[%clk
00:24:42]} {[%emt 00:01:30]} 33. Be3 {[%clk 00:50:58]} {[%emt 00:00:44]} Ne8
{[%clk 00:24:27]} {[%emt 00:00:45]} 34. Kh1 {[%clk 00:49:18]} {[%emt 00:02:09]}
Nc7 {[%clk 00:23:44]} {[%emt 00:01:13]} 35. Rb1 {[%clk 00:48:21]} {[%emt
00:01:27]} Qb7 {[%clk 00:21:00]} {[%emt 00:03:15]} 36. Rf1 {[%clk 00:46:49]}
{[%emt 00:02:01]} Qb6 {[%clk 00:19:37]} {[%emt 00:01:54]} 37. Qe1 {[%clk
00:42:16]} {[%emt 00:05:03]} Qb4 {[%clk 00:16:20]} {[%emt 00:03:47]} 38. Ra1
{[%clk 00:40:34]} {[%emt 00:02:12]} Rc8 {[%clk 00:16:28]} {[%emt 00:00:22]} 39.
g4 {[%clk 00:39:10]} {[%emt 00:01:53]} Na8 {[%clk 00:14:27]} {[%emt 00:02:31]}
40. f5 {[%clk 00:37:22]} {[%emt 00:02:18]} Bxe3 {[%clk 00:14:37]} {[%emt
00:00:20]} 41. Qxe3 {[%clk 00:37:40]} {[%emt 00:00:11]} gxf5 {[%clk 00:13:22]}
{[%emt 00:01:46]} 42. gxf5 {[%clk 00:37:56]} {[%emt 00:00:14]} exf5 {[%clk
00:13:17]} {[%emt 00:00:36]} 43. Bxf5 {[%clk 00:37:46]} {[%emt 00:00:40]} Rcf8
{[%clk 00:13:30]} {[%emt 00:00:16]} 44. Be6 {[%clk 00:37:53]} {[%emt 00:00:23]}
Nc7 {[%clk 00:13:30]} {[%emt 00:00:30]} 45. Bxf7+ {[%clk 00:38:16]} {[%emt
00:00:07]} Rxf7 {[%clk 00:13:51]} {[%emt 00:00:10]} 46. Rxf7 {[%clk 00:38:25]}
{[%emt 00:00:18]} Kxf7 {[%clk 00:14:18]} {[%emt 00:00:05]} 47. Rf1+ {[%clk
00:38:04]} {[%emt 00:00:50]} Ke8 {[%clk 00:14:37]} {[%emt 00:00:12]} 48. Qh3
{[%clk 00:35:29]} {[%emt 00:03:06]} Qxd4 {[%clk 00:14:25]} {[%emt 00:00:41]}
49. Qc8# {[%clk 00:35:52]} {[%emt 00:00:08]} 1-0

[Event "ODJM C 2024"]
[Site "Willingen GER"]
[Date "2024.05.20"]
[Round "3"]
[White "Classen, Miguel"]
[Black "Yarmish, Kyryl"]
[Result "1-0"]
[Termination "normal"]
[Board "6"]
[WhiteElo "1519"]
[BlackElo "1707"]
[WhiteClock "01:21:37"]
[BlackClock "00:27:25"]
[PlyCount "85"]
[WhiteFideId "34623825"]
[BlackFideId "34691880"]
[EventCountry "GER"]
[EventRounds "9"]
[EventType "swiss"]
[EventDate "2024.05.18"]

1. e4 {[%clk 01:30:59]} {[%emt 00:00:01]} Nf6 {[%clk 01:30:49]} {[%emt
00:00:11]} 2. e5 {[%clk 01:31:25]} {[%emt 00:00:03]} Nd5 {[%clk 01:31:10]}
{[%emt 00:00:09]} 3. d4 {[%clk 01:31:50]} {[%emt 00:00:06]} d6 {[%clk
01:31:25]} {[%emt 00:00:15]} 4. c4 {[%clk 01:32:15]} {[%emt 00:00:05]} Nb6
{[%clk 01:30:58]} {[%emt 00:00:56]} 5. exd6 {[%clk 01:32:26]} {[%emt 00:00:20]}
exd6 {[%clk 01:31:09]} {[%emt 00:00:18]} 6. Nc3 {[%clk 01:32:36]} {[%emt
00:00:20]} Bf5 {[%clk 01:30:03]} {[%emt 00:01:36]} 7. Qf3 {[%clk 01:31:33]}
{[%emt 00:01:33]} Bc8 {[%clk 01:29:53]} {[%emt 00:00:40]} 8. Bd3 {[%clk
01:31:03]} {[%emt 00:01:00]} Be7 {[%clk 01:28:31]} {[%emt 00:01:53]} 9. Qe4
{[%clk 01:29:50]} {[%emt 00:01:43]} g6 {[%clk 01:25:59]} {[%emt 00:03:00]} 10.
Bg5 {[%clk 01:28:45]} {[%emt 00:01:35]} Nc6 {[%clk 01:24:27]} {[%emt 00:02:03]}
11. Bf6 {[%clk 01:27:37]} {[%emt 00:01:39]} O-O {[%clk 01:21:58]} {[%emt
00:02:57]} 12. Bxe7 {[%clk 01:26:55]} {[%emt 00:01:14]} Qxe7 {[%clk 01:21:07]}
{[%emt 00:01:21]} 13. Qxe7 {[%clk 01:27:03]} {[%emt 00:00:21]} Nxe7 {[%clk
01:21:12]} {[%emt 00:00:25]} 14. h3 {[%clk 01:26:42]} {[%emt 00:00:53]} Bf5
{[%clk 01:19:49]} {[%emt 00:01:52]} 15. Be2 {[%clk 01:25:57]} {[%emt 00:01:14]}
Rfe8 {[%clk 01:18:33]} {[%emt 00:01:46]} 16. d5 {[%clk 01:22:57]} {[%emt
00:03:31]} Nec8 {[%clk 01:16:18]} {[%emt 00:02:44]} 17. O-O-O {[%clk 01:22:24]}
{[%emt 00:01:03]} Nd7 {[%clk 01:12:36]} {[%emt 00:04:13]} 18. g4 {[%clk
01:21:47]} {[%emt 00:01:06]} Be4 {[%clk 00:55:16]} {[%emt 00:17:51]} 19. f3
{[%clk 01:22:07]} {[%emt 00:00:10]} Bxf3 {[%clk 00:54:10]} {[%emt 00:01:36]}
20. Nxf3 {[%clk 01:22:28]} {[%emt 00:00:09]} Ncb6 {[%clk 00:53:47]} {[%emt
00:00:53]} 21. Rde1 {[%clk 01:22:31]} {[%emt 00:00:27]} Nc5 {[%clk 00:53:06]}
{[%emt 00:01:10]} 22. b4 {[%clk 01:22:23]} {[%emt 00:00:40]} Na6 {[%clk
00:51:50]} {[%emt 00:01:46]} 23. c5 {[%clk 01:21:42]} {[%emt 00:01:11]} dxc5
{[%clk 00:47:36]} {[%emt 00:04:43]} 24. Bxa6 {[%clk 01:21:58]} {[%emt
00:00:14]} bxa6 {[%clk 00:45:07]} {[%emt 00:02:59]} 25. bxc5 {[%clk 01:22:04]}
{[%emt 00:00:24]} Nd7 {[%clk 00:41:51]} {[%emt 00:03:46]} 26. d6 {[%clk
01:21:00]} {[%emt 00:01:35]} cxd6 {[%clk 00:41:30]} {[%emt 00:00:50]} 27. cxd6
{[%clk 01:21:13]} {[%emt 00:00:17]} Rac8 {[%clk 00:41:24]} {[%emt 00:00:35]}
28. Rxe8+ {[%clk 01:21:33]} {[%emt 00:00:10]} Rxe8 {[%clk 00:41:34]} {[%emt
00:00:20]} 29. Re1 {[%clk 01:21:46]} {[%emt 00:00:17]} Rc8 {[%clk 00:40:57]}
{[%emt 00:01:06]} 30. Kd2 {[%clk 01:21:15]} {[%emt 00:01:03]} Rc6 {[%clk
00:39:25]} {[%emt 00:02:01]} 31. Ne4 {[%clk 01:18:43]} {[%emt 00:03:03]} Nf6
{[%clk 00:37:52]} {[%emt 00:02:03]} 32. Nxf6+ {[%clk 01:18:56]} {[%emt
00:00:17]} Kg7 {[%clk 00:38:00]} {[%emt 00:00:58]} 33. Ne8+ {[%clk 01:19:34]}
{[%emt 00:00:16]} Kg8 {[%clk 00:37:35]} {[%emt 00:00:55]} 34. Re7 {[%clk
01:19:45]} {[%emt 00:00:18]} Kf8 {[%clk 00:36:43]} {[%emt 00:01:22]} 35. Rc7
{[%clk 01:19:49]} {[%emt 00:00:27]} Rb6 {[%clk 00:36:16]} {[%emt 00:00:57]} 36.
d7 {[%clk 01:19:46]} {[%emt 00:00:32]} Rb8 {[%clk 00:35:58]} {[%emt 00:00:48]}
37. Rc8 {[%clk 01:19:49]} {[%emt 00:00:27]} Rxc8 {[%clk 00:27:56]} {[%emt
00:08:33]} 38. dxc8=Q {[%clk 01:20:03]} {[%emt 00:00:16]} Kg8 {[%clk 00:27:08]}
{[%emt 00:01:17]} 39. g5 {[%clk 01:20:13]} {[%emt 00:00:21]} Kf8 {[%clk
00:27:08]} {[%emt 00:00:29]} 40. Nf6+ {[%clk 01:20:31]} {[%emt 00:00:13]} Ke7
{[%clk 00:27:12]} {[%emt 00:00:26]} 41. Qd7+ {[%clk 01:20:49]} {[%emt
00:00:12]} Kf8 {[%clk 00:27:21]} {[%emt 00:00:20]} 42. Qe8+ {[%clk 01:21:13]}
{[%emt 00:00:06]} Kg7 {[%clk 00:27:25]} {[%emt 00:00:26]} 43. Qg8# {[%clk
01:21:37]} {[%emt 00:00:06]} 1-0